Statistiques concernant Culture Générale - Série 1850

Cliquez ici pour prendre le quiz!

Statistiques générales

  • Ce quiz a été pris 96 fois
  • Le résultat moyen est 3 sur 10

Statistiques - réponses

QuestionRéponse% Correct
En Italie, quelle est la "capitale" de la Toscane ?Florence
88%
Quel terme anglais est employé couramment pour désigner par exemple le meilleur d'une compilation de chansons d'un interprète ?best-of
69%
Dans quel capitale européenne se trouve l'aéropage ou "colline d'Arès" ?Athènes
61%
Dans quel pays le fleuve "Ienissei" prend-il sa source ?Mongolie
33%
Quel animal est aussi appelé "loup peint" ou "chien sauvage africain" ? voir photolycaon
24%
Comment appelle-t-on le récipient destiné à recevoir la nourriture des oiseaux, dont l'anagramme est "métier" ?trémie
19%
Qu'est le kilim, également orthographié klim ou kélim ?tapis
17%
Dans le corps humain, le "talus" est un os court du tarse (pied) appelé plus couramment : ....astragale
11%
De quel pays le birr est-il la devise monétaire ?Ethiopie
9%
Quel nom donne-t-on à un jeune saumon de deux à trois ans ?tacon
2%

Distribution des résultats

Percentile par nombre de réponses

% des personnes avec chaque résultat

Votre développement - résultats

Vous n’avez pas pris ce quiz